Grandes espacios geográficos: subdesarrollo y países emergentes

Tallennettuna:
Bibliografiset tiedot
Päätekijät: Azcárate Luxán, Blanca (Tekijä), Azcárate Luxán, María Victoria (Tekijä), Sánchez Sánchez, José (Tekijä)
Aineistotyyppi: Kirja
Kieli:espanja
Julkaistu: Madrid Universidad Nacional de Educación a Distancia 2009
Painos:2a. ed
Sarja:Unidad Didáctica. Historia
Aiheet:
Tagit: Lisää tagi
Ei tageja, Lisää ensimmäinen tagi!

MARC

LEADER 00000cam a2200000 a 4500
001 UCE1710
003 CL-VaPUC
008 140508e20090100sp |||||||||||||||||spa|d
020 |a 9788436258547 
082 0 4 |a 338.9  |b AZC  |2 21 
100 0 |a Azcárate Luxán, Blanca  |e author  |9 574083 
700 0 |a Azcárate Luxán, María Victoria  |e author  |9 574084 
700 0 |a Sánchez Sánchez, José  |e author  |9 574085 
245 1 0 |a Grandes espacios geográficos: subdesarrollo y países emergentes 
250 |a 2a. ed 
300 |a 486 p 
942 |c BK 
945 |d 20140508 16:03:00  |a dcastane 
260 |a Madrid  |b Universidad Nacional de Educación a Distancia  |c 2009 
650 7 |a SUBDESARROLLO  |2 CL-VaPUC  |9 337696 
650 0 |a Países en desarrollo  |9 259663 
650 0 |a Problemas sociales  |9 258537 
650 0 |a Desarrollo económico y social   |9 256320 
583 |a last modification  |c 20140508 16:03:00  |k Rodrigo Vera 
490 0 |a Unidad Didáctica. Historia 
999 |c 355433  |d 355431 
952 |0 0  |1 0  |3 erb  |4 0  |6 338_900000000000000_AZC_2009  |7 0  |8 A  |9 462157  |a BIBING  |b BIBING  |i 5075572  |o 338.9 AZC 2009  |p 5075572  |r 2025-01-20  |w 2019-11-23  |y BK  |z Catalogado en:20140508  |k GEO